000 00870nam a22002177a 4500
999 _c7904
_d7904
003 AR-CdUCM
008 190321b ||||| |||| 00| 0 spa d
040 _aMUNICIPALIDAD PROVINCIAL DEL CUSCO
_cBIBLIOTECA MUNICIPAL DEL CUSCO
082 _a581.467 /
_bG96
100 _aGutierrez, Raymundo
_922347
245 _aLas papas nativas de Canchis :
_bUn catalogo de biodiversidad /
260 _aPeru :
_bSoluciones practicas,
_c2010.
300 _a87 paginas ;
_c23 cm.
505 _aContenido :Los caminos de las papas -- El compartir de semillas -- Recuperación de la biodiversidad -- Guardianes de la diversidad -- Kamayoq: especialistas en papas nativas ...
650 _aInnovaciones agrícolas
_922348
650 _aTecnología agrícola
_922349
650 _aCambios climáticos
_922350
700 _aValencia, Cesar
_922351
942 _2ddc
_cLIBROS
945 _arum